[Event "3rd EUR-ch (w)"]
[Site "Varna BUL"]
[Date "2002.06.05"]
[Round "9.12"]
[White "Bojkovic, Natasa"]
[Black "Zayats, Elena"]
[Result "1/2-1/2"]
[WhiteElo "2431"]
[BlackElo "2346"]
[EventDate "2002.05.27"]
[PlyCount "288"]

1.c4 e6 2.g3 d5 3.Bg2 Nf6 4.Nf3 dxc4 5.Qa4+ c6 6.Qxc4 b5 7.Qc2 Bb7 8.d4 
Nbd7 9.a4 a6 10.Ne5 Nxe5 11.dxe5 Nd5 12.O-O Be7 13.Nc3 Qb8 14.axb5 axb5 
15.Rxa8 Bxa8 16.Nxd5 cxd5 17.Be3 O-O 18.Bd4 Rc8 19.Qd3 b4 20.e3 Bc6 21.Rc1
Rc7 22.Bf1 Bd7 23.Ra1 Qc8 24.Qd1 Qb8 25.Qd3 Qc8 26.Qd1 Qb8 27.Ra5 g6 28.
Qa1 Bc6 29.Bd3 Kg7 30.Qd1 Bd7 31.Qb3 Be8 32.Kg2 Bd7 33.h4 h5 34.Kh2 Bc6 
35.Kg2 Bd7 36.Be2 Bc6 37.Qd3 Bd7 38.Kh2 Be8 39.Bf3 Bd7 40.Bxd5 exd5 41.e6+
f6 42.exd7 Rxd7 43.Qb3 Qb7 44.Qa4 Rc7 45.Kg2 Qc8 46.Qb5 Rd7 47.Ra6 Kf7 48.
Qa4 Rd8 49.Ra7 Ke6 50.Qb5 Rd7 51.Ra6+ Kf7 52.Rc6 Qb7 53.Rb6 Qc8 54.Qa4 Rd8
55.Qb3 Kg7 56.Qa2 Qf5 57.Rc6 Qe4+ 58.Kg1 Rd7 59.Qa6 Qb1+ 60.Kg2 Qe4+ 61.
Kg1 Qb1+ 62.Kg2 Qf5 63.Qe2 Kf7 64.Rc1 Bd6 65.Kg1 Rc7 66.Rxc7+ Bxc7 67.Qa6 
Qb1+ 68.Kh2 Qf5 69.e4 Qxe4 70.Qxf6+ Ke8 71.Qc6+ Kd8 72.Bf6+ Kc8 73.Bg5 Kb8
74.Qb5+ Kc8 75.Qc6 Kb8 76.b3 Be5 77.Qb6+ Kc8 78.Qd8+ Kb7 79.Qd7+ Kb8 80.
Qb5+ Kc7 81.Qc5+ Kd7 82.Qb5+ Kc7 83.Qc5+ Kd7 84.Qe7+ Kc6 85.Qe8+ Kb7 86.
Qf7+ Kc6 87.Qe6+ Kb7 88.Qe7+ Kc6 89.Qd8 Bc7 90.Qa8+ Kd7 91.Qb7 Qf3 92.Be3 
Kd8 93.Bg5+ Kd7 94.Be3 Kd8 95.Qa7 Kc8 96.Qa8+ Kd7 97.Qa4+ Kc8 98.Qe8+ Kb7 
99.Qxg6 Kc8 100.Qe8+ Kb7 101.Qb5+ Kc8 102.Qc5 Kd7 103.Qd4 Ke6 104.Kg1 Bd6 
105.Qd3 Qe4 106.Qxe4+ dxe4 107.Kf1 Kf5 108.Ke2 Ke6 109.Bd4 Kf5 110.Ke3 Be7
111.Bb6 Ke5 112.f3 exf3 113.Kxf3 Kf5 114.Bf2 Bd6 115.Be1 Bc5 116.Bd2 Bd6 
117.Bf4 Bc5 118.Bc7 Bd4 119.Bd6 Bc3 120.Bc5 Be1 121.Bf2 Bc3 122.Bc5 Bd2 
123.Bd6 Bc3 124.Ke3 Kg4 125.Ke2 Kf5 126.Kd3 Kg4 127.Ke2 Kf5 128.Kf3 Bd2 
129.Bf4 Bc3 130.Ke3 Kg4 131.Ke2 Bf6 132.Bd6 Bc3 133.Kf2 Bd4+ 134.Kf1 Bc3 
135.Ke2 Kf5 136.Kd3 Kg4 137.Kc4 Be1 138.Bxb4 Bxg3 139.Be7 Bxh4 140.Bxh4 
Kxh4 141.b4 Kg4 142.b5 h4 143.b6 h3 144.b7 h2 1/2-1/2

[Event "3rd EUR-ch (w)"]
[Site "Varna BUL"]
[Date "2002.06.05"]
[Round "9.13"]
[White "Slavina, Irina"]
[Black "Gaponenko, Inna"]
[Result "1/2-1/2"]
[WhiteElo "2370"]
[BlackElo "2418"]
[EventDate "2002.05.27"]
[PlyCount "41"]

1.d4 Nf6 2.c4 g6 3.Nc3 Bg7 4.e4 d6 5.f4 c5 6.d5 O-O 7.Nf3 a6 8.a4 e6 9.Be2
exd5 10.cxd5 Re8 11.Nd2 Nbd7 12.O-O c4 13.e5 dxe5 14.Nxc4 Nb6 15.fxe5 Ng4 
16.Bxg4 Nxc4 17.Be2 Nxe5 18.a5 b5 19.axb6 Qxb6+ 20.Kh1 Bb7 21.Qa4 1/2-1/2

[Event "3rd EUR-ch (w)"]
[Site "Varna BUL"]
[Date "2002.06.05"]
[Round "9.14"]
[White "Hunt, Harriet"]
[Black "Ciuksyte, Dagne"]
[Result "0-1"]
[WhiteElo "2415"]
[BlackElo "2340"]
[EventDate "2002.05.27"]
[PlyCount "62"]

1.e4 c5 2.Nf3 e6 3.d4 cxd4 4.Nxd4 a6 5.Bd3 Bc5 6.Nb3 Be7 7.c4 d6 8.Nc3 b6 
9.O-O Bb7 10.Qe2 Nd7 11.f4 Ngf6 12.Bd2 O-O 13.Kh1 Re8 14.Nd4 Qc7 15.Rac1 
Rac8 16.b4 Qb8 17.Nb3 g6 18.a4 Qa8 19.a5 d5 20.cxd5 exd5 21.e5 Bxb4 22.Na4
bxa5 23.Bxb4 axb4 24.Nac5 Nxc5 25.Nxc5 Ne4 26.Bxe4 dxe4 27.Nd7 Rxc1 28.
Nf6+ Kh8 29.Rxc1 Rc8 30.Rg1 e3 31.Qxe3 Rc2 0-1

[Event "3rd EUR-ch (w)"]
[Site "Varna BUL"]
[Date "2002.06.05"]
[Round "9.16"]
[White "Kosintseva, Tatiana"]
[Black "Calzetta Ruiz, Monica"]
[Result "1-0"]
[WhiteElo "2373"]
[BlackElo "2278"]
[EventDate "2002.05.27"]
[PlyCount "101"]

1.e4 c5 2.Nf3 Nc6 3.d4 cxd4 4.Nxd4 g6 5.Nc3 Bg7 6.Be3 Nf6 7.Bc4 O-O 8.Bb3 
d6 9.f3 Bd7 10.Qd2 Rc8 11.O-O-O Nxd4 12.Bxd4 b5 13.Nd5 Nxd5 14.Bxg7 Kxg7 
15.exd5 a5 16.a3 b4 17.axb4 axb4 18.Qxb4 Rc5 19.Rhe1 Kg8 20.Re3 Rb5 21.Qd4
Qa5 22.Rxe7 Rxb3 23.cxb3 Rc8+ 24.Kb1 Bf5+ 25.Re4 Ra8 26.Qa4 Qd8 27.Qc4 h5 
28.g4 hxg4 29.fxg4 Bxe4+ 30.Qxe4 Qa5 31.Qa4 Qd8 32.Qc4 Qa5 33.Qc3 Qa2+ 34.
Kc2 Qa6 35.Rd4 Qe2+ 36.Qd2 Qf1 37.Qd1 Qg2+ 38.Kb1 Re8 39.Ra4 Qxh2 40.Ka2 
Qe5 41.Qd3 Rb8 42.Qc4 Kh7 43.Ra7 Kg8 44.Qc7 Rf8 45.Qc6 Qf4 46.Ra4 Qe5 47.
Ra6 Rd8 48.Qc7 Qf6 49.Ra7 Re8 50.g5 Qxg5 51.Qxf7+ 1-0

[Event "3rd EUR-ch (w)"]
[Site "Varna BUL"]
[Date "2002.06.05"]
[Round "9.17"]
[White "Schuurman, Petra"]
[Black "Kononenko, Tatiana"]
[Result "1/2-1/2"]
[WhiteElo "2283"]
[BlackElo "2370"]
[EventDate "2002.05.27"]
[PlyCount "65"]

1.d4 d5 2.c4 c6 3.Nc3 dxc4 4.e4 b5 5.a4 b4 6.Na2 Nf6 7.e5 Nd5 8.Bxc4 e6 9.
Nf3 Be7 10.Bd2 a5 11.Nc1 Bb7 12.Nb3 Nd7 13.Qe2 O-O 14.h4 c5 15.Bd3 f5 16.
Ng5 Bxg5 17.hxg5 g6 18.dxc5 Qc7 19.Bb5 Nxe5 20.Nd4 Bc8 21.Rc1 Rd8 22.f4 
Nf7 23.O-O Ne7 24.Nf3 Bb7 25.c6 Bxc6 26.Qxe6 Rd6 27.Qb3 Qd8 28.Bxc6 Nxc6 
29.Be3 Rd3 30.Qe6 Rd6 31.Qc4 Kg7 32.Bc5 Rd5 33.b3 1/2-1/2

[Event "3rd EUR-ch (w)"]
[Site "Varna BUL"]
[Date "2002.06.05"]
[Round "9.18"]
[White "Vasylevich, Tatiana"]
[Black "Zakurdyaeva, Irina"]
[Result "1-0"]
[WhiteElo "2421"]
[BlackElo "2318"]
[EventDate "2002.05.27"]
[PlyCount "53"]

1.d4 d5 2.c4 c6 3.Nf3 Nf6 4.Nc3 dxc4 5.a4 Bf5 6.Ne5 e6 7.e3 Nbd7 8.Nxd7 
Qxd7 9.Bxc4 Bd6 10.O-O O-O 11.Qe2 e5 12.dxe5 Bxe5 13.Rd1 Qe7 14.f3 Rad8 
15.Bd2 Bc2 16.Rdc1 Bxh2+ 17.Kxh2 Nh5 18.Be1 Bg6 19.Rd1 Rd6 20.Rxd6 Qxd6+ 
21.Kg1 Re8 22.Rd1 Qf6 23.Qd2 h6 24.Bf2 Qg5 25.Qd7 Re7 26.Qd8+ Kh7 27.Rd7 
1-0

[Event "3rd EUR-ch (w)"]
[Site "Varna BUL"]
[Date "2002.06.05"]
[Round "9.19"]
[White "Sarakauskiene, Zivile"]
[Black "Danielian, Elina"]
[Result "0-1"]
[WhiteElo "2105"]
[BlackElo "2411"]
[EventDate "2002.05.27"]
[PlyCount "98"]

1.e4 c6 2.d4 d5 3.Nd2 dxe4 4.Nxe4 Nd7 5.Bc4 Ndf6 6.Ng5 e6 7.N5f3 Bd6 8.Qe2
Ne7 9.Ne5 O-O 10.Ngf3 h6 11.O-O Ned5 12.a3 Qc7 13.Bd3 b5 14.b3 c5 15.dxc5 
Nc3 16.Qe1 Bxc5 17.Bb2 Nfd5 18.Bxb5 Nxb5 19.c4 Ba6 20.cxd5 exd5 21.Qd2 Nd6
22.Rfc1 Ne4 23.Qxd5 Bb7 24.Qd7 Bxf2+ 25.Kh1 Qxd7 26.Nxd7 Rfc8 27.Nde5 
Rxc1+ 28.Rxc1 Rd8 29.Nc4 Rd3 30.b4 f6 31.Na5 Bd5 32.a4 Be3 33.Ne1 Nf2+ 34.
Kg1 Bxc1 35.Bxc1 Rd1 36.Kxf2 Rxc1 37.Nd3 Rc2+ 38.Ke3 Rxg2 39.Nf4 Rg5 40.
Kd4 Bh1 41.Ne6 Rg2 42.Nc4 Rxh2 43.b5 Rh5 44.Nc7 Rh3 45.a5 Rb3 46.Nd6 h5 
47.Nc8 h4 48.Nxa7 h3 49.b6 h2 0-1

[Event "3rd EUR-ch (w)"]
[Site "Varna BUL"]
[Date "2002.06.05"]
[Round "9.20"]
[White "Ovod, Evgenia"]
[Black "Kadziolka, Beata"]
[Result "1/2-1/2"]
[WhiteElo "2379"]
[BlackElo "2235"]
[EventDate "2002.05.27"]
[PlyCount "70"]

1.d4 Nf6 2.c4 c5 3.d5 b5 4.Nd2 bxc4 5.e4 c3 6.bxc3 g6 7.c4 d6 8.Bb2 Bg7 9.
Rb1 O-O 10.Bd3 e5 11.Ne2 Nbd7 12.O-O Nh5 13.g3 f5 14.exf5 gxf5 15.f4 e4 
16.Bxg7 Nxg7 17.Bc2 Nf6 18.Ba4 Bd7 19.Nc3 Be8 20.h3 Bh5 21.Qc2 Qe7 22.Rfe1
Rab8 23.Bb5 Qf7 24.Rb3 Qg6 25.Kg2 Rb7 26.Ra3 Re7 27.Re3 Kh8 28.Qc1 Rg8 29.
Qf1 Nge8 30.Qf2 Reg7 31.Bxe8 Nxe8 32.Kf1 Qf6 33.Nb5 Qa1+ 34.Re1 Qb2 35.Rb1
Qc2 1/2-1/2

[Event "3rd EUR-ch (w)"]
[Site "Varna BUL"]
[Date "2002.06.05"]
[Round "9.24"]
[White "Sikorova, Olga"]
[Black "Foisor, Cristina"]
[Result "0-1"]
[WhiteElo "2298"]
[BlackElo "2437"]
[EventDate "2002.05.27"]
[PlyCount "126"]

1.f4 d5 2.b3 Nf6 3.Bb2 g6 4.Bxf6 exf6 5.Nf3 Bg7 6.e3 O-O 7.Nc3 Re8 8.Kf2 
c6 9.d4 Bg4 10.Be2 Nd7 11.h3 Bxf3 12.Bxf3 f5 13.Qd3 h5 14.g4 Qh4+ 15.Kg2 
Nf6 16.gxf5 gxf5 17.Rag1 Ne4 18.Bxe4 fxe4 19.Qd1 Re6 20.Qe2 Rg6+ 21.Kh2 
Kh7 22.Rxg6 fxg6 23.Rg1 Bh6 24.Na4 Rf8 25.Qg2 Qf6 26.Nc5 Rf7 27.Qg3 Bf8 
28.Na4 Bd6 29.c4 Bb4 30.cxd5 cxd5 31.a3 Bxa3 32.Nc3 Rd7 33.Qg5 Qe6 34.Ne2 
Rc7 35.Rg2 Rc2 36.Qd8 Be7 37.Qb8 Qa6 38.Qe8 Qe6 39.Qb8 Qc6 40.Qe5 Bf6 41.
Qb8 a6 42.Qf8 Qe6 43.Qb8 Qf7 44.Kh1 Bg7 45.Qd6 Rc6 46.Qd8 Bf6 47.Qa5 Qd7 
48.Kh2 b5 49.Qe1 Bd8 50.Qg1 a5 51.Rf2 Rf6 52.Ng3 h4 53.Ne2 a4 54.bxa4 bxa4
55.Nc3 a3 56.Qa1 Be7 57.Qa2 Rf5 58.Rg2 Qc6 59.Rc2 Qa8 60.Nb5 Kh6 61.Rc7 
Bf8 62.Ra7 Qb8 63.Ra5 Bb4 0-1

[Event "3rd EUR-ch (w)"]
[Site "Varna BUL"]
[Date "2002.06.05"]
[Round "9.25"]
[White "Georgieva, Liubka"]
[Black "Pahtz, Elisabeth"]
[Result "1-0"]
[WhiteElo "2241"]
[BlackElo "2385"]
[EventDate "2002.05.27"]
[PlyCount "85"]

1.e4 c5 2.d3 e6 3.Nf3 d5 4.Qe2 Ne7 5.g3 Nbc6 6.Bg2 g6 7.O-O Bg7 8.c3 h6 9.
h4 b6 10.Na3 Ba6 11.e5 Qc7 12.Re1 Rd8 13.Rb1 d4 14.c4 Nb4 15.Nc2 Nxc2 16.
Qxc2 Bb7 17.Qe2 Qc6 18.a3 a6 19.b4 cxb4 20.Rxb4 Nc8 21.h5 g5 22.Nh4 Qc7 
23.Bxb7 Qxb7 24.Nf3 Na7 25.Rb1 Qc7 26.Qe4 Nc6 27.Bb2 O-O 28.Bc1 f5 29.exf6
Rxf6 30.Nh2 e5 31.Ng4 Re6 32.Qf5 Red6 33.a4 Rf8 34.Qe4 Rf7 35.Ba3 Re6 36.
c5 bxc5 37.Bxc5 Nd8 38.Rec1 Qd7 39.Rb8 Re8 40.Bb6 Nb7 41.Rxe8+ Qxe8 42.Qg6
Re7 43.Nf6+ 1-0

[Event "3rd EUR-ch (w)"]
[Site "Varna BUL"]
[Date "2002.06.05"]
[Round "9.26"]
[White "Richards, Heather"]
[Black "Bosboom-Lanchava, Tea"]
[Result "1-0"]
[WhiteElo "2252"]
[BlackElo "2330"]
[EventDate "2002.05.27"]
[PlyCount "87"]

1.e4 c5 2.c3 b6 3.d4 Bb7 4.Bd3 Nf6 5.Qe2 cxd4 6.cxd4 Nc6 7.Nf3 Nb4 8.Nc3 
Nxd3+ 9.Qxd3 Qc8 10.Bg5 Ba6 11.Qe3 e6 12.Rc1 Qb7 13.a3 h6 14.Bf4 Rc8 15.b4
Qa8 16.Nd2 Nh5 17.f3 Be7 18.Bg3 O-O 19.Kf2 Rce8 20.e5 f6 21.Rhd1 f5 22.f4 
g5 23.Nf3 Kh7 24.d5 d6 25.fxg5 f4 26.Qe4+ Rf5 27.Bh4 dxe5 28.gxh6 Kxh6 29.
Bxe7 Rxe7 30.dxe6 Qf8 31.Rd7 Rxe6 32.Nd4 exd4 33.Qxe6+ Rf6 34.Qe4 Rg6 35.
Qxd4 Qg8 36.Rd6 Bb7 37.Re1 Qf8 38.Ree6 Rxe6 39.Rxe6+ Kg5 40.Ne4+ Kh4 41.
Nf6 Qg7 42.g3+ Kh3 43.g4 f3 44.Qe5 1-0

[Event "3rd EUR-ch (w)"]
[Site "Varna BUL"]
[Date "2002.06.05"]
[Round "9.27"]
[White "Velcheva, Maria"]
[Black "Agrest, Svetlana"]
[Result "1/2-1/2"]
[WhiteElo "2327"]
[BlackElo "2225"]
[EventDate "2002.05.27"]
[PlyCount "167"]

1.e4 e5 2.Nf3 Nf6 3.Nxe5 d6 4.Nf3 Nxe4 5.c4 Be7 6.d4 O-O 7.Bd3 Ng5 8.Nxg5 
Bxg5 9.Qh5 Re8+ 10.Kd1 h6 11.Bxg5 Qxg5 12.Qxg5 hxg5 13.Nc3 Bd7 14.Kd2 Nc6 
15.Nd5 Rac8 16.Kc3 Ne7 17.Ne3 Kf8 18.g4 g6 19.h4 gxh4 20.Rxh4 Kg7 21.Rah1 
Rh8 22.Rxh8 Rxh8 23.Rxh8 Kxh8 24.b4 Kg7 25.f4 Ng8 26.g5 f6 27.d5 Ne7 28.
Kd4 fxg5 29.fxg5 c6 30.a3 Kf7 31.dxc6 Bxc6 32.c5 dxc5+ 33.bxc5 Bh1 34.Ke5 
Nc6+ 35.Kd6 Nd4 36.Bc4+ Kg7 37.Kc7 Bc6 38.a4 Bxa4 39.Kxb7 Nf3 40.Kxa7 Nxg5
41.Kb6 Ne4 42.c6 Bxc6 43.Kxc6 Kf6 44.Kd5 Ng3 45.Bd3 Nf5 46.Ng4+ Kg5 47.Ne5
Kf6 48.Nf3 Ne7+ 49.Ke4 Nf5 50.Kf4 Ne7 51.Nh2 Nd5+ 52.Kg4 Ne3+ 53.Kf3 Nf5 
54.Kf4 Ne7 55.Ng4+ Ke6 56.Bc4+ Kd6 57.Kg5 Nc6 58.Kf6 g5 59.Bf1 Nd4 60.Kxg5
Nc6 61.Kf4 Ne7 62.Ke4 Nd5 63.Nh6 Nf6+ 64.Kd4 Nd7 65.Nf5+ Ke6 66.Ne3 Nf6 
67.Bc4+ Kd6 68.Nf5+ Kc6 69.Ng3 Kd6 70.Nf5+ Kc6 71.Ne3 Kd6 72.Bb3 Kc6 73.
Nc4 Nd7 74.Ba4+ Kc7 75.Bb5 Nb6 76.Ne5 Kd6 77.Nf7+ Ke7 78.Ng5 Kd6 79.Ne4+ 
Ke6 80.Bc6 Nd7 81.Bb7 Nf6 82.Bc8+ Ke7 83.Ke5 Nxe4 84.Kxe4 1/2-1/2

[Event "3rd EUR-ch (w)"]
[Site "Varna BUL"]
[Date "2002.06.05"]
[Round "9.28"]
[White "Djingarova, Emilia"]
[Black "Hernandez Estevez, Yudania"]
[Result "0-1"]
[WhiteElo "2315"]
[BlackElo "2247"]
[EventDate "2002.05.27"]
[PlyCount "94"]

1.e4 e5 2.Bc4 Nf6 3.d3 c6 4.Nf3 d6 5.O-O Be7 6.Nbd2 O-O 7.Re1 Nbd7 8.a3 
Qc7 9.Nf1 d5 10.Ba2 dxe4 11.dxe4 Nc5 12.Ng3 Be6 13.Bxe6 Nxe6 14.Nf5 Rfd8 
15.Qe2 Bf8 16.Qc4 Re8 17.b4 Nd7 18.Bb2 g6 19.Ne3 Bg7 20.Rad1 Rad8 21.Qb3 
Nb6 22.Rxd8 Rxd8 23.Ng4 Nd4 24.Nxd4 exd4 25.Bc1 c5 26.bxc5 Qxc5 27.e5 h5 
28.Nh6+ Bxh6 29.Bxh6 Qc3 30.Qb1 d3 31.cxd3 Qxd3 32.Qc1 Rc8 33.Qg5 Qf5 34.
Qg3 Nd5 35.h3 Kh7 36.Bc1 Rc2 37.Qh4 Nc3 38.Be3 Nd5 39.Qd4 Nxe3 40.Qxe3 b6 
41.Qd4 Qe6 42.Re3 Qc4 43.Qd7 Rc1+ 44.Kh2 Qf4+ 45.Rg3 h4 46.e6 hxg3+ 47.
fxg3 Qf1 0-1

[Event "3rd EUR-ch (w)"]
[Site "Varna BUL"]
[Date "2002.06.05"]
[Round "9.29"]
[White "Bogza, Adina"]
[Black "Lallemand, Roza"]
[Result "0-1"]
[WhiteElo "2251"]
[BlackElo "2300"]
[EventDate "2002.05.27"]
[PlyCount "112"]

1.d4 c5 2.Nf3 cxd4 3.Nxd4 Nc6 4.g3 g6 5.Bg2 Bg7 6.Nb3 Nf6 7.O-O O-O 8.c4 
d6 9.Nc3 Bg4 10.Nd4 Qd7 11.Nxc6 bxc6 12.Qa4 Rfc8 13.Rd1 Rab8 14.Rb1 Bf5 
15.e4 Bh3 16.c5 Bxg2 17.Kxg2 Qe6 18.Bf4 Nh5 19.Be3 dxc5 20.Bxc5 Rb7 21.Bd4
Bh6 22.Qa6 Rbc7 23.Qe2 Nf6 24.f4 c5 25.Bxf6 exf6 26.Rd5 Bf8 27.f5 Qc6 28.
Rf1 Re8 29.Qf3 Bg7 30.g4 Rce7 31.h4 gxf5 32.Rxf5 Re6 33.Rf4 Qb7 34.Rf2 Qb4
35.Nd5 Qb7 36.e5 Kh8 37.exf6 Bf8 38.g5 Re5 39.Nc3 Qd7 40.Re4 Rxe4 41.Nxe4 
Qe6 42.Nc3 Qc4 43.Qf4 Qd3 44.Qf5 Qd4 45.h5 Re5 46.Qc8 Rxg5+ 47.Kf1 Rg8 48.
Qf5 Qc4+ 49.Re2 Qh4 50.Rf2 Bh6 51.Ne4 Re8 52.Re2 Qh1+ 53.Kf2 Qh2+ 54.Kf3 
Qh1+ 55.Kf2 Rg8 56.Qe5 Qg2+ 0-1

[Event "3rd EUR-ch (w)"]
[Site "Varna BUL"]
[Date "2002.06.05"]
[Round "9.30"]
[White "Voiska, Margarita"]
[Black "Koskoska, Gabriela"]
[Result "1/2-1/2"]
[WhiteElo "2300"]
[BlackElo "2229"]
[EventDate "2002.05.27"]
[PlyCount "76"]

1.c4 c5 2.Nc3 Nc6 3.Nf3 g6 4.e3 Bg7 5.d4 d6 6.Be2 e6 7.O-O Nge7 8.dxc5 
dxc5 9.Ne4 Qxd1 10.Rxd1 b6 11.Nd6+ Kf8 12.Ng5 f6 13.Nxc8 fxg5 14.Nd6 Rd8 
15.Ne4 Rxd1+ 16.Bxd1 h6 17.Rb1 Nf5 18.a3 Ke7 19.b4 Rd8 20.Be2 Nd6 21.Nxd6 
Kxd6 22.g3 Bc3 23.bxc5+ Kxc5 24.Rb5+ Kd6 25.h4 gxh4 26.gxh4 Kc7 27.c5 Ba5 
28.cxb6+ Bxb6 29.Rb2 Ne7 30.Rc2+ Kb7 31.Bf3+ Ka6 32.e4 Kb7 33.Kg2 g5 34.
hxg5 hxg5 35.Bg4 Nc6 36.Rd2 Nd4 37.Rd3 e5 38.f3 Rg8 1/2-1/2

[Event "3rd EUR-ch (w)"]
[Site "Varna BUL"]
[Date "2002.06.05"]
[Round "9.31"]
[White "Hlgatian, Goar"]
[Black "Andreeva, Natalia"]
[Result "1/2-1/2"]
[WhiteElo "2239"]
[BlackElo "2289"]
[EventDate "2002.05.27"]
[PlyCount "120"]

1.e4 c5 2.Nf3 Nc6 3.d4 cxd4 4.Nxd4 g6 5.Nc3 Bg7 6.Be3 Nf6 7.Nxc6 bxc6 8.e5
Nd5 9.Nxd5 cxd5 10.Qxd5 Rb8 11.Bc4 O-O 12.O-O Qc7 13.f4 d6 14.exd6 exd6 
15.Bb3 Bxb2 16.Rad1 Ba6 17.Rf2 Qe7 18.Qd2 Rfe8 19.Rf3 Bb7 20.Rg3 Be4 21.
Qa5 Bf6 22.Qxa7 Rb7 23.Qa6 Bh4 24.Rh3 Bf5 25.Rxh4 Qxe3+ 26.Kf1 Ra7 27.Qb5 
Ra5 28.Qc4 d5 29.Qd4 Qe2+ 30.Kg1 Bxc2 31.Bxc2 Rxa2 32.Qd2 Rxc2 33.Qxe2 
Rexe2 34.Rg4 d4 35.h3 h5 36.Rg3 Rc3 37.Rgd3 Rc4 38.R1d2 Re4 39.g3 f5 40.h4
Kf7 41.Kf2 Ke6 42.Ra3 Kd5 43.Ra5+ Rc5 44.Ra4 Rc6 45.Ra5+ Ke6 46.Ra4 Rd6 
47.Ra3 Kd5 48.Ra4 Kc5 49.Ra3 Kb4 50.Rf3 Re7 51.Rb2+ Kc4 52.Rc2+ Kd5 53.Ra3
Ke6 54.Rd2 Rc7 55.Ra4 Rcd7 56.Rd3 Rd5 57.Kf3 R7d6 58.Kf2 Kd7 59.Rc4 Kd8 
60.Kf3 Kd7 1/2-1/2

[Event "3rd EUR-ch (w)"]
[Site "Varna BUL"]
[Date "2002.06.05"]
[Round "9.32"]
[White "Lahno, Kateryna"]
[Black "Muller, Anne"]
[Result "0-1"]
[WhiteElo "2277"]
[BlackElo "2167"]
[EventDate "2002.05.27"]
[PlyCount "122"]

1.e4 c5 2.Nf3 d6 3.d4 cxd4 4.Nxd4 Nf6 5.Nc3 Nc6 6.f3 e5 7.Nb3 Be7 8.Be3 
Be6 9.Nd5 Bxd5 10.exd5 Nb4 11.c4 a5 12.Qd2 b6 13.Be2 O-O 14.O-O Nd7 15.f4 
Na6 16.fxe5 Nxe5 17.Nd4 Rc8 18.a3 a4 19.Rac1 Nc5 20.Rce1 Bh4 21.g3 Bf6 22.
Kg2 Re8 23.Nf5 Kh8 24.h3 Rc7 25.Nd4 Rc8 26.Bf4 Ng6 27.Bg4 Nxf4+ 28.gxf4 
Ra8 29.Rxe8+ Qxe8 30.Re1 Qf8 31.Nb5 g6 32.Qe2 Bh4 33.Rf1 Re8 34.Qc2 Qe7 
35.Qc3+ Kg8 36.Bf3 Be1 37.Qc2 Qh4 38.Nd4 Qg3+ 39.Kh1 Qxh3+ 40.Kg1 Qg3+ 41.
Qg2 Qxf4 42.Nc2 Bd2 43.Bg4 Be3+ 44.Kh1 Qh6+ 45.Bh3 Re5 46.Qf3 Rf5 47.Qg2 
Rh5 48.Rf3 Re5 49.Rf1 Nd3 50.Rf3 Nf2+ 51.Kh2 Bf4+ 52.Kg1 Nxh3+ 53.Rxh3 Qg7
54.Kh1 Rg5 55.Qe4 Qxb2 56.Ne1 Be5 57.Qh4 Qd2 58.Qxh7+ Kf8 59.Qh4 Bd4 60.
Qh6+ Ke7 61.Qh4 Kd7 0-1

[Event "3rd EUR-ch (w)"]
[Site "Varna BUL"]
[Date "2002.06.05"]
[Round "9.33"]
[White "Kouvatsou, Maria"]
[Black "Krivec, Jana"]
[Result "1/2-1/2"]
[WhiteElo "2232"]
[BlackElo "2271"]
[EventDate "2002.05.27"]
[PlyCount "158"]

1.e4 e5 2.Nf3 Nc6 3.Bc4 Nf6 4.d3 Be7 5.O-O O-O 6.Re1 d6 7.a4 h6 8.c3 Nh7 
9.a5 a6 10.Nbd2 Ng5 11.Qb3 Bf6 12.h3 Ne7 13.d4 Ng6 14.dxe5 dxe5 15.Bf1 Nf4
16.Nxg5 Bxg5 17.Nf3 Qf6 18.Nxg5 Qxg5 19.Bxf4 exf4 20.Qd5 Qg6 21.e5 Bxh3 
22.Qf3 Bd7 23.Qxf4 Bc6 24.Re3 Kh8 25.Rae1 Rad8 26.b4 Qe6 27.c4 f5 28.exf6 
Qxf6 29.Qxf6 Rxf6 30.b5 axb5 31.cxb5 Bd5 32.Re8+ Rf8 33.R8e7 c5 34.Rc7 Rc8
35.Ree7 Rxc7 36.Rxc7 c4 37.Bxc4 Bxc4 38.Rxc4 Rf5 39.Rb4 Kh7 40.f3 Rc5 41.
Kf2 Rc1 42.b6 Ra1 43.Rb5 Ra3 44.Rc5 Kg6 45.Kg3 Ra4 46.Rc7 Rxa5 47.Rxb7 Rb5
48.Rb8 Rb2 49.b7 Rb4 50.Kf2 Kh7 51.Ke3 Rb6 52.Kd4 Rb1 53.Kc5 Rc1+ 54.Kd6 
Rd1+ 55.Kc7 Rc1+ 56.Kd6 Rd1+ 57.Ke6 Rb1 58.g3 Re1+ 59.Kf7 Rb1 60.g4 Rb6 
61.f4 Rb1 62.f5 Rb2 63.Ke6 Rb1 64.Kd6 Rd1+ 65.Kc7 Rc1+ 66.Kd7 Rd1+ 67.Ke7 
Re1+ 68.Kf7 Rb1 69.Kf8 Rb2 70.Ke7 Rb1 71.Ke6 Re1+ 72.Kd5 Rd1+ 73.Ke4 Re1+ 
74.Kf4 Rb1 75.g5 Rb4+ 76.Kg3 hxg5 77.Kf3 Rf4+ 78.Kg3 Rb4 79.Kh3 Rh4+ 
1/2-1/2

[Event "3rd EUR-ch (w)"]
[Site "Varna BUL"]
[Date "2002.06.05"]
[Round "9.34"]
[White "Khasanova, Elmira"]
[Black "Movsisian, Naira"]
[Result "1-0"]
[WhiteElo "2256"]
[BlackElo "2078"]
[EventDate "2002.05.27"]
[PlyCount "83"]

1.d4 Nf6 2.c4 c5 3.d5 e5 4.Nc3 d6 5.e4 g6 6.h3 Bg7 7.Bd3 O-O 8.Nge2 Ne8 9.
g4 a6 10.Be3 Qa5 11.a4 Qd8 12.Ng3 b6 13.h4 h6 14.Qd2 Bxg4 15.Bxh6 Bf3 16.
Rh3 Bg4 17.Rh2 Bxh6 18.Qxh6 Qf6 19.Rg2 Ng7 20.h5 Bxh5 21.Nxh5 Nxh5 22.Qxh5
Kg7 23.Qg5 Qxg5 24.Rxg5 Rh8 25.Kd2 Rh2 26.Ke3 Nd7 27.Rgg1 Rah8 28.Be2 
R2h3+ 29.Bf3 Nf6 30.Ke2 Nh5 31.Bxh5 R8xh5 32.a5 bxa5 33.Rxa5 f5 34.Rxa6 
fxe4 35.Rxd6 Rf5 36.Rdxg6+ Kh7 37.Nxe4 Rh2 38.Nf6+ Rxf6 39.Rxf6 e4 40.Rf7+
Kh8 41.d6 e3 42.d7 1-0

[Event "3rd EUR-ch (w)"]
[Site "Varna BUL"]
[Date "2002.06.05"]
[Round "9.35"]
[White "Ionica, Iulia-Ionela"]
[Black "Muzychuk, Anna"]
[Result "1/2-1/2"]
[WhiteElo "2228"]
[BlackElo "2256"]
[EventDate "2002.05.27"]
[PlyCount "92"]

1.e4 d5 2.exd5 Nf6 3.d4 Nxd5 4.Nf3 g6 5.Be2 Bg7 6.O-O O-O 7.Re1 c5 8.dxc5 
Na6 9.Bxa6 bxa6 10.Qe2 Bb7 11.Nbd2 Nb4 12.Nc4 Bxf3 13.gxf3 Qc7 14.Be3 Nd5 
15.Rad1 Rfd8 16.c3 Nf4 17.Bxf4 Qxf4 18.Rxd8+ Rxd8 19.Qxe7 Rd5 20.Qe4 Qg5+ 
21.Kh1 Rxc5 22.f4 Qh4 23.Qa8+ Bf8 24.Ne5 Qxf2 25.Qe4 Rc7 26.Nd3 Qh4 27.f5 
Qxe4+ 28.Rxe4 gxf5 29.Rf4 Rd7 30.Rf3 a5 31.Kg2 a4 32.a3 Kg7 33.Kf1 Kf6 34.
Ke2 Bh6 35.Rh3 Re7+ 36.Kd1 Kg6 37.Nc5 Re5 38.Nxa4 Ra5 39.b3 Rd5+ 40.Ke1 
Bc1 41.c4 Re5+ 42.Kf2 Bxa3 43.Rg3+ Kf6 44.Rh3 Kg6 45.Rg3+ Kf6 46.Rh3 Kg6 
1/2-1/2

[Event "3rd EUR-ch (w)"]
[Site "Varna BUL"]
[Date "2002.06.05"]
[Round "9.36"]
[White "Krupkova, Petra"]
[Black "Bednikova, Stefi"]
[Result "1-0"]
[WhiteElo "2293"]
[BlackElo "2184"]
[EventDate "2002.05.27"]
[PlyCount "103"]

1.e4 d6 2.d4 Nf6 3.Nc3 g6 4.Be3 Bg7 5.Qd2 O-O 6.Bh6 e5 7.Bxg7 Kxg7 8.O-O-O
exd4 9.Qxd4 Nc6 10.Qd2 Re8 11.f3 a6 12.Bc4 Be6 13.Bxe6 Rxe6 14.g4 b5 15.h4
Ne5 16.h5 Nc4 17.Qf4 Qd7 18.Nd5 Nxd5 19.exd5 Re5 20.h6+ Kf8 21.Qf6 Qd8 22.
Qg7+ Ke7 23.f4 Re4 24.b3 Nb6 25.Nh3 Qh8 26.Rhe1 Rxe1 27.Rxe1+ Kd7 28.Qxf7+
Kd8 29.Qe7+ Kc8 30.Qe8+ Qxe8 31.Rxe8+ Kd7 32.Rxa8 Nxa8 33.Ng5 Ke7 34.Nxh7 
Nb6 35.Ng5 Kf8 36.Ne6+ Kg8 37.Nxc7 Kh7 38.g5 a5 39.Kd2 b4 40.Kd3 Nd7 41.
Kd4 Nc5 42.Ne8 Nb7 43.Kc4 a4 44.Kxb4 Nc5 45.Nxd6 axb3 46.axb3 Nd7 47.c4 
Nb6 48.Kb5 Nd7 49.c5 Kg8 50.c6 Kh8 51.cxd7 Kh7 52.Ne4 1-0

[Event "3rd EUR-ch (w)"]
[Site "Varna BUL"]
[Date "2002.06.05"]
[Round "9.37"]
[White "Kaps, Darja"]
[Black "Zawadzka, Jolanta"]
[Result "0-1"]
[WhiteElo "2251"]
[BlackElo "2181"]
[EventDate "2002.05.27"]
[PlyCount "74"]

1.e4 c5 2.Nf3 d6 3.d4 cxd4 4.Nxd4 Nf6 5.Nc3 a6 6.Bc4 e6 7.Bb3 b5 8.f4 Bb7 
9.Be3 Nbd7 10.O-O Nc5 11.f5 e5 12.Nde2 Be7 13.Ng3 O-O 14.Bd5 Bxd5 15.Nxd5 
Ncxe4 16.Nxe4 Nxe4 17.f6 Nxf6 18.Rxf6 Bxf6 19.Qg4 Kh8 20.Rf1 Rb8 21.Rxf6 
gxf6 22.Qh4 Rg8 23.Nxf6 Rg7 24.Qf2 Rg6 25.Nd5 Qd7 26.h4 Qe6 27.Qf3 Qg4 28.
Ne7 Qxf3 29.Nxg6+ hxg6 30.gxf3 Rc8 31.c3 Rc4 32.Bf2 d5 33.Kg2 d4 34.Be1 
Kg7 35.f4 exf4 36.cxd4 Kf6 37.Kf3 Kf5 0-1

[Event "3rd EUR-ch (w)"]
[Site "Varna BUL"]
[Date "2002.06.05"]
[Round "9.38"]
[White "Shaidullina, Sandugach"]
[Black "Shtereva, Slaveja"]
[Result "1-0"]
[WhiteElo "2245"]
[BlackElo "2071"]
[EventDate "2002.05.27"]
[PlyCount "73"]

1.Nf3 c5 2.c4 Nc6 3.d4 cxd4 4.Nxd4 Nf6 5.Nc3 e6 6.g3 a6 7.Bg2 Qc7 8.O-O d6
9.b3 Bd7 10.Bb2 Be7 11.Rc1 Qb6 12.e3 O-O 13.Qe2 Rac8 14.Rfd1 Rfd8 15.h3 
Qa7 16.Kh2 Qb8 17.Ne4 Nxe4 18.Bxe4 f5 19.Bg2 e5 20.Bd5+ Kh8 21.Ne6 Re8 22.
Qh5 g6 23.Qe2 Bf6 24.Nf4 Bg7 25.Nd3 Be6 26.Bxe6 Rxe6 27.Rd2 Qc7 28.Rcd1 
Qf7 29.Ba3 Bf8 30.Nb4 Rd8 31.c5 Nxb4 32.Bxb4 Qf6 33.cxd6 Bxd6 34.Qc4 Qe7 
35.Rxd6 Rdxd6 36.Rxd6 Rxd6 37.Qc5 1-0

[Event "3rd EUR-ch (w)"]
[Site "Varna BUL"]
[Date "2002.06.05"]
[Round "9.39"]
[White "Gasparian, Narine"]
[Black "Besheva, Svetla"]
[Result "1-0"]
[WhiteElo "2204"]
[BlackElo "2125"]
[EventDate "2002.05.27"]
[PlyCount "99"]

1.d4 Nf6 2.Nf3 g6 3.c4 Bg7 4.g3 O-O 5.Bg2 d6 6.O-O Nbd7 7.Nc3 e5 8.e4 c6 
9.h3 exd4 10.Nxd4 Qb6 11.Nc2 Ne8 12.Qe2 Nc5 13.Kh2 f5 14.Ne3 fxe4 15.Nxe4 
Nxe4 16.Bxe4 Nf6 17.Bg2 Bd7 18.Qd3 Rad8 19.Bd2 Be6 20.Bc3 Qa6 21.Qc2 d5 
22.cxd5 Nxd5 23.Bxd5 Bxd5 24.Bxg7 Kxg7 25.Qc3+ Kg8 26.Ng4 h5 27.Nf6+ Kf7 
28.Nh7 Kg8 29.Nxf8 Rxf8 30.Rae1 Qxa2 31.Re7 Bf7 32.Rd1 h4 33.Rd6 Kh7 34.
Rd4 hxg3+ 35.Kxg3 g5 36.Qd3+ Kh8 37.Qf5 Qb3+ 38.Kh2 Qb5 39.Qxb5 cxb5 40.
Rg4 Kg7 41.Rxg5+ Kf6 42.Ree5 a6 43.Rgf5+ Kg6 44.h4 b4 45.h5+ Kg7 46.Re7 b5
47.Ra7 b3 48.Rxa6 b4 49.h6+ Kg8 50.Raf6 1-0